| 000 | 00652cam a22002055a 4500 | ||
|---|---|---|---|
| 001 | L156107 | ||
| 008 | 120430s1855 xxk f 000 0 eng d | ||
| 035 | _a(Sirsi) u156107 | ||
| 041 | 0 | _aeng | |
| 100 | 1 |
_aNesbit, Anthony _d1778-1859 |
|
| 245 | 0 | 2 | _aA complete treatise on practical Land-Surveying, etc. |
| 250 | _aTenth edition, revised ... and greatly enlarged. By ... T. Baker | ||
| 260 |
_aLondon _bLongman, Brown, etc. _c1855 |
||
| 300 |
_axxii. 426 p. _c8o |
||
| 583 |
_aCondition reviewed _c20120620 _lcondition level 4 |
||
| 651 | 4 |
_aGreat Britain _y1707- |
|
| 690 |
_aMeasurement _96256 |
||
| 700 | 1 |
_aBaker, Thomas _dd. 1871 |
|
| 942 | _n0 | ||
| 999 |
_c114035 _d114035 |
||